Historiografía postmoderna: conceptos, figuras, manifiestos

Spremljeno u:
Bibliografski detalji
Glavni autor: Mussy Roa, Luis Gueneau de (autor)
Format: Knjiga
Jezik:španjolski
Izdano: Santiago Ril 2010
Izdanje:1a. ed
Teme:
Oznake: Dodaj oznaku
Bez oznaka, Budi prvi tko označuje ovaj zapis!

MARC

LEADER 00000cam a2200000 a 4500
001 UCG5219
003 CL-VaPUC
008 110113e20101100CL |||||||||||||||||spa|d
020 |a 9789562847711 
082 0 4 |a 907.2  |b MUS  |2 21 
100 |a Mussy Roa, Luis Gueneau de  |e autor  |9 554838 
245 1 0 |a Historiografía postmoderna: conceptos, figuras, manifiestos 
250 |a 1a. ed 
300 |a 254 p 
942 |c BK 
945 |d 20110113 00:00:00  |a dcastane 
260 |a Santiago  |b Ril  |c 2010 
650 0 |a Historiografía   |9 257871 
650 0 |a Postmodernismo  |9 268655 
583 |a last modification  |c 20160629 08:29:15  |k Rodrigo Vera 
999 |c 343783  |d 343781 
952 |0 0  |1 0  |4 0  |6 907_200000000000000_MUS_2010  |7 0  |8 A  |9 441375  |a BIBHIS  |b BIBHIS  |d 2019-11-22  |i 4746759  |l 2  |o 907.2 MUS 2010  |p 4746759  |r 2025-01-20  |s 2024-12-09  |w 2019-11-22  |y BK  |k HIS 
952 |0 0  |1 0  |3 erb  |4 0  |6 907_200000000000000_MUS_2010  |7 0  |8 A  |9 441376  |a FDOHBE  |b FDOHBE  |e Huesbe Llanos, Marco Antonio, 1934-  |i 5308445  |o 907.2 MUS 2010  |p 5308445  |r 2024-01-30  |w 2019-11-22  |y BK  |z Catalogado en:20160701  |k HBE